[Event "Titled Tue 20th May Late"]
[Site "chess.com INT"]
[Date "2025.05.20"]
[Round "5"]
[White "Dubnevych, Maksym"]
[Black "Noy, Eyal"]
[Result "1-0"]
[WhiteTitle "FM"]
[BlackTitle "FM"]
[WhiteElo "2292"]
[BlackElo "2346"]
[WhiteFideId "14184001"]
[BlackFideId "2821117"]
[EventDate "2025.05.20"]

1. Nc3 c5 2. Nf3 d5 3. d4 cxd4 4. Qxd4 Nf6 5. e4 Nc6 6. Bb5 dxe4 7. Qxd8+ Kxd8
8. Ng5 Ke8 9. Ngxe4 Nxe4 10. Nxe4 Bf5 11. Nc5 Bc8 12. Na6 Kd8 13. Bf4 Bd7 14.
O-O-O e6 15. Rd2 Ke7 16. Rhd1 Be8 17. Nc7 Rc8 18. Nxe8 Kxe8 19. Rd7 a6 20. Bxc6
bxc6 21. Ra7 Bc5 22. Rxa6 Bxf2 23. Rd2 Bc5 24. c3 f6 25. b4 Bg1 26. Rd1 Bf2 27.
Rf1 Bh4 28. Ra7 e5 29. Be3 Rf8 30. Rd1 Rf7 31. Rxf7 Kxf7 32. Rd7+ Kg6 33. Bc5 f5
34. a4 Bf6 35. a5 e4 36. a6 Bxc3 37. a7 Be5 38. Re7 Kf6 39. Rb7 Bxh2 40. Bd4+
Ke6 41. Rxg7 Bd6 42. Rb7 Ra8 43. Kd2 Kd5 44. Bg1 h5 45. Rd7 Ke6 46. Rh7 Bxb4+
47. Ke2 Bd6 48. Rxh5 c5 49. Rh7 Be7 50. Be3 Rxa7 51. Rh6+ Ke5 52. g3 Ra2+ 53.
Kf1 Kd5 54. Rh5 Ke6 55. Rh6+ Kf7 56. Rh7+ Kf8 57. Rh5 Ra1+ 58. Kg2 Ra2+ 59. Kh3
Kf7 60. Rxf5+ Ke6 61. Rh5 c4 62. Bd4 Rd2 63. Re5+ Kd6 64. Rxe4 Kd5 65. Rxe7 Rxd4
66. g4 c3 67. Re1 c2 68. Rc1 Rc4 69. g5 Kc5 70. g6 Kb4 71. g7 Rc8 72. Rxc2 Rg8
73. Rc7 Kb5 74. Kg4 Kb6 75. Rf7 Kc6 76. Kg5 Kd6 77. Kg6 Ke6 78. Ra7 Rc8 79. Kh7
Kf6 80. g8=Q Rxg8 81. Kxg8 1-0

[Event "Titled Tue 20th May Late"]
[Site "chess.com INT"]
[Date "2025.05.20"]
[Round "5"]
[White "Yanev, Tihomir"]
[Black "Skramstad, Oda Kofoed"]
[Result "1-0"]
[WhiteTitle "IM"]
[BlackTitle "WCM"]
[WhiteElo "2354"]
[BlackElo "1898"]
[WhiteFideId "2910110"]
[BlackFideId "1564862"]
[EventDate "2025.05.20"]

1. e4 c6 2. Nc3 d5 3. Nf3 dxe4 4. Nxe4 Nf6 5. Ng3 Bg4 6. h3 Bxf3 7. Qxf3 Nbd7 8.
d4 e6 9. Bd3 Bd6 10. O-O h6 11. Re1 O-O 12. Ne4 Nxe4 13. Rxe4 Nf6 14. Rh4 Nd5
15. Rg4 Qf6 16. Qe4 g6 17. Bxh6 Rfe8 18. Bg5 Qg7 19. Qf3 e5 20. c4 Nf4 21. dxe5
Nxd3 22. Qxd3 Bxe5 23. Rd1 Bxb2 24. h4 Re6 25. h5 Rae8 26. Be3 Be5 27. c5 Bc7
28. hxg6 Rxg6 29. Rxg6 Qxg6 30. Qxg6+ fxg6 31. Rd7 Rc8 32. Bd4 Rd8 33. Rg7+ Kf8
34. Rxc7 Rxd4 35. Rxb7 Rd1+ 36. Kh2 Rd5 37. Rxa7 Rxc5 38. Kg3 Rd5 39. f4 c5 40.
Kf3 c4 41. Rc7 Ra5 42. Rxc4 Rxa2 43. Rc7 Ra5 44. Kg4 Rb5 45. g3 Ra5 46. Kh4 Rb5
47. g4 Ra5 48. Rb7 Rc5 49. Rb6 Kg7 50. Rb7+ Kf8 51. g5 Ra5 52. Kg4 Rc5 53. Kf3
Ra5 54. Ke4 Kg8 55. Rd7 Kf8 56. Rd5 Ra6 57. Ke5 Kf7 58. Rd7+ Kf8 59. Rd6 Ra4 60.
Rxg6 Ra5+ 61. Ke4 Ra4+ 62. Kf3 Ra3+ 63. Kg4 Ra5 64. Rc6 Ra4 65. g6 Kg7 66. Kg5
Ra5+ 67. f5 Ra7 68. f6+ Kf8 69. Kh6 Ra8 70. Rc7 Kg8 71. Rh7 Kf8 72. Rh8# 1-0

[Event "Titled Tue 20th May Late"]
[Site "chess.com INT"]
[Date "2025.05.20"]
[Round "5"]
[White "Goldin, Roman"]
[Black "Sitbon, Itay"]
[Result "1/2-1/2"]
[WhiteTitle "FM"]
[WhiteElo "2296"]
[BlackElo "2192"]
[WhiteFideId "2803860"]
[BlackFideId "2820706"]
[EventDate "2025.05.20"]

1. Nf3 g6 2. g3 Bg7 3. Bg2 e5 4. O-O Ne7 5. d4 exd4 6. Nxd4 O-O 7. c4 Nbc6 8.
Nc2 d6 9. Ne3 Be6 10. Nc3 Ne5 11. Bxb7 Rb8 12. Bd5 Nxd5 13. cxd5 Bh3 14. Re1 Re8
15. Qc2 h5 16. b3 Ng4 17. Nxg4 hxg4 18. Bb2 Qg5 19. Rac1 Re7 20. Ne4 Qxd5 21. f3
gxf3 22. exf3 Rbe8 23. Bxg7 Kxg7 24. Qc3+ Qe5 25. Kf2 Bf5 26. Qxe5+ dxe5 27. Nc5
Rd8 28. Re2 Rd5 29. g4 Bc8 30. g5 Re8 31. h4 Rh8 32. Kg3 Rhd8 33. Rc4 Bf5 34.
Ne4 Bxe4 35. Rexe4 R8d7 36. Rc6 Ra5 37. a4 Kf8 38. Rec4 Rd3 39. Rb4 Kg7 40. Rxc7
e4 41. Rxe4 Rf5 42. Rf4 Rxf4 43. Kxf4 Rxb3 44. Rxa7 Rb4+ 45. Kg3 Kf8 46. a5 Ra4
47. a6 Kg7 48. Ra8 Ra2 49. a7 Ra4 50. f4 Ra3+ 51. Kf2 Ra4 52. f5 Ra5 53. Ke3
Ra3+ 54. Kd4 Ra4+ 55. Kc5 Ra5+ 56. Kb6 Ra1 57. h5 Rb1+ 58. Kc5 Rc1+ 59. Kd4 Rd1+
60. Ke3 Ra1 61. h6+ Kh7 62. fxg6+ fxg6 63. Kf4 Ra4+ 64. Ke5 Ra5+ 65. Kd6 Ra6+
66. Kc7 Rc6+ 67. Kxc6 1/2-1/2

[Event "Titled Tue 20th May Late"]
[Site "chess.com INT"]
[Date "2025.05.20"]
[Round "5"]
[White "Alvarado, Carlos"]
[Black "Harriott, Tyrell"]
[Result "0-1"]
[WhiteTitle "CM"]
[WhiteElo "2032"]
[BlackElo "1924"]
[WhiteFideId "3800555"]
[BlackFideId "2086484"]
[EventDate "2025.05.20"]

1. Nf3 e6 2. b3 f5 3. Bb2 Nf6 4. c4 d5 5. e3 c6 6. Be2 Bd6 7. O-O O-O 8. Ne5
Nbd7 9. f4 Qe7 10. d3 Bc7 11. Nd2 Nxe5 12. fxe5 Nd7 13. Nf3 Qf7 14. d4 Qg6 15.
Nh4 Qh6 16. cxd5 Qxh4 17. dxe6 Nb6 18. Ba3 Re8 19. Rxf5 Bxe6 20. Rf4 Qh6 21. Qd3
Nd5 22. Rf3 Bd8 23. Raf1 Bg5 24. e4 Nf4 25. Qd1 Bg4 26. Rxf4 Bxe2 27. Qxe2 Bxf4
28. g3 Be3+ 29. Kg2 Bg5 30. Bb2 Rf8 31. d5 Rxf1 32. Qxf1 Be7 33. Qc4 cxd5 34.
exd5 Qd2+ 35. Kh3 Qh6+ 36. Kg2 Bf8 37. d6+ Kh8 38. Bd4 Qd2+ 39. Kh3 Qh6+ 40. Kg2
Rd8 41. Qd5 Qg6 42. Bxa7 Qe8 43. Bc5 Qc6 44. Qxc6 bxc6 45. b4 Kg8 46. e6 Bxd6
47. e7 Bxe7 48. Bxe7 Re8 49. Bc5 Re2+ 50. Kh3 Rxa2 51. g4 Kf7 52. Kg3 g6 53. h4
Ke6 54. Kf4 Rg2 55. Kg5 Kf7 56. h5 gxh5 57. Kxh5 Rg3 58. Kg5 Rf3 59. Kh5 Kf6 60.
Kh4 Kg6 61. Bb6 Rf4 62. Bc5 h5 63. Kg3 Rxg4+ 64. Kf3 Kf5 65. Ke3 h4 66. Kd3 h3
67. Bd6 Rg2 68. Kc4 h2 69. Bxh2 Rxh2 70. Kc5 Ke6 71. Kxc6 Rc2+ 72. Kb6 Kd5 73.
b5 Rb2 74. Ka6 Kc5 75. b6 Rxb6+ 0-1

[Event "Titled Tue 20th May Late"]
[Site "chess.com INT"]
[Date "2025.05.20"]
[Round "5"]
[White "Fishbein, Alexander"]
[Black "Yilmaz, Mustafa"]
[Result "1/2-1/2"]
[WhiteTitle "GM"]
[BlackTitle "GM"]
[WhiteElo "2377"]
[BlackElo "2586"]
[WhiteFideId "2000377"]
[BlackFideId "6302718"]
[EventDate "2025.05.20"]

1. e4 c5 2. Nf3 d6 3. d4 cxd4 4. Nxd4 Nf6 5. Nc3 a6 6. a4 g6 7. Be2 Bg7 8. O-O
O-O 9. Nb3 b6 10. e5 dxe5 11. Qxd8 Rxd8 12. Bf3 e4 13. Nxe4 Nd5 14. a5 b5 15.
Rd1 e6 16. Bg5 Rf8 17. Nf6+ Bxf6 18. Bxf6 Nd7 19. Bg5 Bb7 20. c3 Rac8 21. Bh6
Rfd8 22. Nd4 Ne5 23. Be2 Re8 24. Rac1 f6 25. h4 Kf7 26. Bf1 Red8 27. Re1 Re8 28.
Rxe5 fxe5 29. Nf3 Red8 30. Nxe5+ Ke8 31. Re1 Ne7 32. Bg5 Bd5 33. Ng4 Kf7 34.
Ne5+ Kf8 35. Re3 Rd6 36. g4 Ke8 37. Bf4 Rdd8 38. h5 Nc6 39. hxg6 Nxe5 40. g7 Kf7
41. Bxe5 Kg8 42. Bd3 Rd7 43. g5 Bc4 44. Be4 Rd1+ 45. Kg2 Bd5 46. Bxd5 Rxd5 47.
Kg3 Rd7 48. Bf6 Rc6 49. Kg4 Rd5 50. Rh3 Rc4+ 51. f4 Rf5 52. Bd4 Rf7 53. g6 Rxg7
54. Bxg7 Kxg7 55. Rxh7+ Kxg6 56. Ra7 b4 57. Rxa6 bxc3 58. bxc3 Kf7 59. Ra7+ Kf6
60. Ra6 Rxc3 61. Rb6 Ra3 62. a6 Ra4 63. Rc6 Ke7 64. Kf3 Kf6 65. Rb6 Ra5 66. Ke3
Kf5 67. Kd3 Ra4 68. Kc3 Ra1 69. Kb4 e5 70. fxe5 Kxe5 71. Rb5+ Kd4 72. Rb6 Kd5
73. Kb5 Rb1+ 74. Ka5 Ra1+ 75. Kb5 Rb1+ 76. Ka5 Ra1+ 77. Kb5 1/2-1/2

[Event "Titled Tue 20th May Late"]
[Site "chess.com INT"]
[Date "2025.05.20"]
[Round "5"]
[White "Schnaider, Ilan"]
[Black "Stamatiou, Rodolfos"]
[Result "1-0"]
[WhiteTitle "IM"]
[BlackTitle "FM"]
[WhiteElo "2388"]
[BlackElo "2269"]
[WhiteFideId "169013"]
[BlackFideId "25826530"]
[EventDate "2025.05.20"]

1. e4 c5 2. d4 cxd4 3. Qxd4 Nc6 4. Qd3 Nf6 5. Nc3 e6 6. Bf4 Bb4 7. Ne2 d5 8.
O-O-O O-O 9. exd5 exd5 10. Nxd5 Nxd5 11. Qxd5 Qf6 12. Be3 Rd8 13. Qe4 Rxd1+ 14.
Kxd1 Bf5 15. Qf4 Qxb2 16. Qxf5 Rd8+ 17. Nd4 Nxd4 18. Bxd4 Qxd4+ 19. Bd3 Qa1+ 20.
Ke2 Qxh1 21. Qxh7+ Kf8 22. Qh8+ Ke7 23. Qh4+ f6 24. Qxb4+ Ke8 25. Bg6+ Kd7 26.
Qxb7+ Kd6 27. Qb4+ Kd7 28. Qa4+ Ke7 29. Qxa7+ Rd7 30. Qc5+ Kd8 31. Qa5+ Rc7 32.
Qd5+ Ke7 33. Qf7+ Kd6 34. Qf8+ Re7+ 35. Kf3 Qd1+ 36. Kg3 Qd5 37. Qb8+ Kc5 38.
Qc8+ Kd6 39. Qd8+ Rd7 40. Qb8+ Ke6 41. Qe8+ Kd6 42. Qf8+ Kc7 43. h4 Qe5+ 44. Kh3
Qe6+ 45. g4 Qe5 46. Qb4 Qd6 47. Qc4+ Qc6 48. Qf4+ Qd6 49. Qf3 Qe5 50. Be4 Rd2
51. Bd3 Kd6 52. h5 Qe1 53. Kg2 Rd1 54. Qg3+ Qe5 55. Qf3 Qe1 56. Qf4+ Kc6 57.
Qc4+ Kd6 58. Qd4+ Kc6 59. Be4+ Kc7 60. Qc5+ Kd8 61. Qf8+ Kc7 62. Qc5+ Kd8 63.
Qf8+ Kc7 64. Qxg7+ Kb6 65. Qxf6+ Ka5 66. Qe5+ Kb4 67. Qb2+ Kc5 68. Qe5+ Kb6 69.
Qe6+ Kc5 70. Qc6+ Kd4 71. Qd5+ Kc3 72. Qa5+ Kb2 73. Qxe1 Rxe1 74. f3 1-0

[Event "Titled Tue 20th May Late"]
[Site "chess.com INT"]
[Date "2025.05.20"]
[Round "5"]
[White "Goltsev, Dmitry"]
[Black "Ghimoyan, Narek"]
[Result "1/2-1/2"]
[WhiteTitle "FM"]
[BlackTitle "CM"]
[WhiteElo "2183"]
[BlackElo "2273"]
[WhiteFideId "24176710"]
[BlackFideId "13315412"]
[EventDate "2025.05.20"]

1. d4 Nf6 2. Nc3 d5 3. Bf4 a6 4. e3 e6 5. Nf3 c5 6. dxc5 Bxc5 7. Bd3 Nc6 8. O-O
O-O 9. e4 dxe4 10. Nxe4 Be7 11. c3 h6 12. Qc2 Bd7 13. Rad1 Nd5 14. Bc1 Rc8 15.
Qb1 Qc7 16. Rfe1 Rfd8 17. Ng3 Nf4 18. Bc2 Be8 19. Rxd8 Rxd8 20. Re4 Nd5 21. Rg4
Nf6 22. Rh4 Qd6 23. h3 Nd5 24. Rg4 Nf6 25. Rh4 Nd5 26. Re4 Nf6 27. Re1 Qc7 28.
Be3 Bd6 29. Qc1 Bxg3 30. fxg3 Nd5 31. Bf2 Nce7 32. Bb1 Nf6 33. Be3 Bc6 34. Bf4
Qb6+ 35. Be3 Qc7 36. Bf4 Qb6+ 37. Kh2 Bxf3 38. Be3 Qc6 39. gxf3 Qxf3 40. Rf1 Qh5
41. Kg2 Nf5 42. Bf4 Qe2+ 43. Rf2 Qc4 44. b3 Qc6+ 45. Kh2 Ne4 46. Rf3 Nexg3 47.
Rxg3 Nxg3 48. Bxg3 Qf3 49. Bc2 g6 50. Qe1 h5 51. Be4 Qd1 52. Qxd1 Rxd1 53. Bxb7
Rd2+ 54. Kg1 Rxa2 55. c4 Rb2 56. Bd6 Rxb3 57. Bg2 Rc3 58. c5 a5 59. c6 a4 60.
Be5 Rc5 61. c7 a3 62. Bb7 f6 63. c8=Q+ Rxc8 64. Bxc8 fxe5 65. Bxe6+ Kg7 66. Kf2
Kf6 67. Bb3 e4 68. Ke3 Ke5 69. h4 Kf5 70. Bf7 g5 71. hxg5 Kxg5 72. Kxe4 Kg4 73.
Ke3 Kg3 74. Kd2 h4 75. Kc2 h3 76. Kb3 h2 77. Bd5 h1=Q 78. Bxh1 a2 79. Kxa2 1/2-1/2

[Event "Titled Tue 20th May Late"]
[Site "chess.com INT"]
[Date "2025.05.20"]
[Round "5"]
[White "Tayar, Jonathan"]
[Black "Sieciechowicz, Marcin"]
[Result "1/2-1/2"]
[WhiteTitle "IM"]
[BlackTitle "IM"]
[WhiteElo "2325"]
[BlackElo "2410"]
[WhiteFideId "2606534"]
[BlackFideId "1130170"]
[EventDate "2025.05.20"]

1. e4 e6 2. d4 d5 3. exd5 exd5 4. Nc3 Nf6 5. Bd3 Bd6 6. Bg5 c6 7. Nge2 Bg4 8. f3
Bh5 9. Nf4 Bg6 10. Nxg6 hxg6 11. Qd2 Bg3+ 12. Kf1 Bd6 13. Re1+ Kf8 14. g4 Nbd7
15. Kg2 Qc7 16. h4 Kg8 17. Rh3 Nf8 18. Ne2 Ne6 19. Reh1 Re8 20. c3 c5 21. Bb5
Rd8 22. Ba4 Qa5 23. Bb3 c4 24. Bc2 Qxa2 25. Bb1 Qa5 26. Be3 b5 27. h5 gxh5 28.
g5 b4 29. gxf6 bxc3 30. bxc3 g6 31. f4 Rb8 32. f5 Nf8 33. fxg6 fxg6 34. f7+ Kg7
35. Bf4 Qc7 36. Rf1 Bxf4 37. Nxf4 Qd6 38. Rhf3 Rb3 39. Qf2 h4 40. Kh1 a5 41. Nh3
a4 42. Rf6 Qg3 43. Qxg3 hxg3 44. Kg2 Rxc3 45. Ng5 Rb3 46. Bxg6 Rb2+ 47. Kxg3
Nxg6 48. Ne6+ Kh7 49. Rxg6 Kxg6 50. f8=Q Rxf8 51. Nxf8+ Kg7 52. Ne6+ Kg6 53.
Nf4+ Kg7 54. Nxd5 Rd2 55. Kf4 Rxd4+ 56. Ke5 Rd3 57. Rc1 a3 58. Rxc4 a2 59. Ra4
Rd2 60. Nc3 Kf7 61. Nxa2 Ke7 62. Ra7+ Kd8 63. Nc3 Rd3 64. Nd5 Kc8 65. Kd6 Rd1
66. Rf7 Kb8 67. Rf8+ Kb7 68. Rf7+ Kb8 69. Rf2 Rd3 70. Rb2+ Ka7 71. Kc6 Rd1 72.
Rb3 Rc1+ 73. Kd6 Ka8 74. Nc7+ Ka7 75. Kd7 Rc2 76. Kc8 Rb2 77. Ra3+ Kb6 78. Rc3
Ka5 79. Kd7 Kb4 80. Rc6 Rd2+ 81. Rd6 Rxd6+ 82. Kxd6 1/2-1/2

[Event "Titled Tue 20th May Late"]
[Site "chess.com INT"]
[Date "2025.05.20"]
[Round "5"]
[White "Leenhouts, Koen"]
[Black "Panarin, Mikhail"]
[Result "1-0"]
[WhiteTitle "GM"]
[BlackTitle "GM"]
[WhiteElo "2476"]
[BlackElo "2562"]
[WhiteFideId "1008439"]
[BlackFideId "4153251"]
[EventDate "2025.05.20"]

1. e4 c6 2. d4 d5 3. e5 c5 4. dxc5 e6 5. a3 Nc6 6. Nf3 Bxc5 7. Bd3 f6 8. b4 Bb6
9. Bb2 fxe5 10. Nxe5 Nf6 11. O-O O-O 12. Nd2 a5 13. b5 Nxe5 14. Bxe5 Bd7 15. Qe2
Rc8 16. c4 Be8 17. Kh1 Bh5 18. f3 Bg6 19. Bxg6 hxg6 20. Rad1 Qe7 21. a4 Qb4 22.
Ba1 Rce8 23. Bxf6 gxf6 24. cxd5 Qxa4 25. dxe6 Kg7 26. Rfe1 Rh8 27. Nc4 Bc5 28.
Rd7+ Re7 29. Red1 Qxb5 30. h3 Re8 31. Qe4 Qc6 32. Qg4 a4 33. Na5 Qa6 34. Nxb7
Qc6 35. Nxc5 Qxc5 36. Rxe7+ Rxe7 37. Qxa4 Rxe6 38. Qd7+ Re7 39. Qd2 g5 40. Re1
Rc7 41. Qe3 Qf5 42. Qf2 Qf4 43. Qe3 Qf5 44. Qf2 Qf4 45. Qe3 Qc4 46. Qf2 Qc6 47.
Qg3 Rd7 48. Kh2 Qd5 49. Re4 Kg6 50. Re2 Rh7 51. Qg4 Qf5 52. Qxf5+ Kxf5 53. Re4
Rd7 54. Rc4 Rd6 55. Re4 Rc6 56. Kg3 Rb6 57. Kh2 Rb2 58. Rd4 Kg6 59. Rd5 f5 60.
Kg3 f4+ 61. Kh2 Kh5 62. Rd4 Ra2 63. Rd8 Rb2 64. Rh8+ Kg6 65. h4 gxh4 66. Rxh4
Kg5 67. Rg4+ Kf5 68. Rg8 Rb1 69. Rf8+ Kg5 70. Rg8+ Kf5 71. Ra8 Kg5 72. Ra5+ Kg6
73. Kh3 Rb2 74. Ra6+ Kf5 75. Ra5+ Kg6 76. Ra4 Kg5 77. Rc4 Ra2 78. Rc8 Rb2 79.
Rg8+ Kf5 80. Kh4 Ra2 81. Rf8+ Kg6 82. Rxf4 1-0

[Event "Titled Tue 20th May Late"]
[Site "chess.com INT"]
[Date "2025.05.20"]
[Round "5"]
[White "Ugarte Soto, Cesar"]
[Black "Shton, Roman"]
[Result "1-0"]
[WhiteTitle "CM"]
[WhiteElo "2088"]
[BlackElo "2081"]
[WhiteFideId "3601331"]
[BlackFideId "14137461"]
[EventDate "2025.05.20"]

1. d4 g6 2. Bf4 Bg7 3. e3 c5 4. c3 Qb6 5. Qb3 d6 6. Nf3 Be6 7. Qc2 Nf6 8. Nbd2
Nh5 9. Bg5 h6 10. Bh4 g5 11. Bg3 Nxg3 12. hxg3 Nc6 13. Bc4 d5 14. Be2 Rc8 15.
Qb3 c4 16. Qxb6 axb6 17. e4 b5 18. a3 Ra8 19. O-O b6 20. Rfe1 dxe4 21. Nxe4 Bd5
22. Nfd2 Kd7 23. Nf1 Bxe4 24. Bg4+ f5 25. Rxe4 fxg4 26. Rae1 Rae8 27. Ne3 e5 28.
d5 Ne7 29. Rd1 Kd6 30. a4 bxa4 31. Rxc4 Ra8 32. Rb4 Rhb8 33. Nxg4 Kc5 34. Ne3
Rd8 35. d6 Nc8 36. Rd5+ Kc6 37. Rc4+ Kb7 38. Rc7+ Kb8 39. Rxg7 Rxd6 40. Rxd6
Nxd6 41. Nd5 a3 42. Rg8+ Nc8 43. bxa3 Kb7 44. Rg7+ Kc6 45. Nb4+ Kb5 46. Rg8 e4
47. Nd5 Kc6 48. Ne7+ Kd7 49. Nxc8 Rxc8 50. Rg7+ Ke6 51. Rg6+ Kd5 52. Rxb6 Rxc3
53. Rxh6 Rxa3 54. Rg6 e3 55. Rxg5+ Ke4 56. fxe3 Rxe3 57. Rg8 Kf5 58. Kh2 Re7 59.
Rf8+ Kg4 60. Rg8+ Kh5 61. Kh3 Kh6 62. g4 Kh7 63. Rf8 Ra7 64. Rf5 Kg6 65. g3 Ra1
66. Kg2 Ra2+ 67. Kf3 Ra3+ 68. Kf4 Ra4+ 69. Ke5 Ra5+ 70. Ke6 Ra6+ 71. Ke5 Ra5+
72. Kf4 Ra3 73. Rg5+ Kf6 74. Re5 Kg6 75. Re6+ Kg7 76. Kf5 Ra5+ 77. Re5 Ra3 78.
Kf4 Ra4+ 79. Re4 Ra3 80. g5 Ra1 81. Kg4 Rh1 82. Re6 Rf1 83. Rf6 Ra1 84. Rf4 Ra3
85. Rc4 Ra1 86. Kf5 Rf1+ 87. Rf4 Ra1 88. Kg4 Ra3 89. Rd4 Ra2 90. Kh5 Ra1 91.
Rd7+ Kg8 92. Rb7 Rh1+ 93. Kg6 Kf8 94. Kf6 Rf1+ 95. Kg6 Ra1 96. Rb8+ Ke7 97. Kg7
Ra3 98. g6 Rxg3 99. Rb2 Ke8 100. Re2+ Kd8 101. Kf8 Rf3+ 102. Kg8 Rg3 103. g7 Rg1
104. Re5 Rg2 105. Kf7 Rf2+ 106. Kg6 Rg2+ 107. Rg5 Rxg5+ 108. Kxg5 1-0

[Event "Titled Tue 20th May Late"]
[Site "chess.com INT"]
[Date "2025.05.20"]
[Round "5"]
[White "Moosavifar, Seyed Abolfazl"]
[Black "Harsha, Bharathakoti"]
[Result "1/2-1/2"]
[WhiteTitle "FM"]
[BlackTitle "GM"]
[WhiteElo "2303"]
[BlackElo "2532"]
[WhiteFideId "42548195"]
[BlackFideId "5078776"]
[EventDate "2025.05.20"]

1. e4 c5 2. Nf3 e6 3. d4 cxd4 4. Nxd4 a6 5. Bd3 Bc5 6. Nb3 Ba7 7. Qe2 Ne7 8. Be3
Nbc6 9. O-O O-O 10. c4 Bxe3 11. Qxe3 d5 12. exd5 exd5 13. N1d2 d4 14. Qg3 a5 15.
Rad1 a4 16. Nc1 Ng6 17. Nf3 Qf6 18. Ne2 Rd8 19. Rd2 Be6 20. Rfd1 a3 21. bxa3
Rxa3 22. h4 h6 23. h5 Nge5 24. Nxe5 Nxe5 25. Bh7+ Kxh7 26. Qxa3 d3 27. Ng3 Nxc4
28. Rxd3 Nxa3 29. Rxd8 Nb5 30. Rb8 Nc3 31. Rdd8 g5 32. hxg6+ Kxg6 33. Rg8+ Kh7
34. Nh5 Qe5 35. Rg7+ Qxg7 36. Nxg7 Kxg7 37. Rxb7 Nxa2 38. g3 Nc3 39. Rc7 Ne2+
40. Kf1 Nd4 41. Kg2 Kg6 42. f4 h5 43. Ra7 Bd5+ 44. Kf2 Be6 45. Ra6 Kf5 46. Ra5+
Kg6 47. Rg5+ Kh6 48. Re5 Nf5 49. Ra5 Kg6 50. Ra6 Kf6 51. Rb6 Nh6 52. Rb5 Bf5 53.
Rb6+ Kg7 54. Rb5 Kg6 55. Rb6+ f6 56. Rb5 Be4 57. Rb4 Bc6 58. Rc4 Bd5 59. Rc5 Be6
60. Ke3 Ng4+ 61. Kf3 Bd7 62. Ke4 Nh6 63. Rc7 Bf5+ 64. Kd4 Bg4 65. Ke3 Nf5+ 66.
Kf2 Bd1 67. Rd7 Ba4 68. Rd8 Bc6 69. Rg8+ Kf7 70. Rc8 Bd5 71. Rc7+ Kg6 72. Rd7
Be6 73. Ra7 Nh6 74. Ke3 h4 75. gxh4 Nf5+ 76. Kf3 Nxh4+ 77. Kg3 Nf5+ 78. Kf2 Bd5
79. Ra5 Ne7 80. Ra7 Kf5 81. Rxe7 Kxf4 82. Rd7 Be6 83. Rd4+ Ke5 84. Ke3 Bd5 85.
Rb4 Be6 86. Rb8 Bd5 87. Re8+ Be6 88. Kf3 Kf5 89. Kg3 Ke5 90. Kh4 Kf5 91. Re7 Ke5
92. Kh5 Kf5 93. Kh6 Bd5 94. Kg7 Kg5 95. Rd7 Be4 96. Rc7 f5 97. Rc5 Kg4 98. Kf6
f4 99. Ke5 Bd3 100. Rd5 f3 101. Rd4+ Kg3 102. Rxd3 Kg2 103. Kf4 f2 104. Rd2 Kg1
105. Rxf2 Kxf2 1/2-1/2

[Event "Titled Tue 20th May Late"]
[Site "chess.com INT"]
[Date "2025.05.20"]
[Round "5"]
[White "Bhatia, Kanishka"]
[Black "Varriale, Luca"]
[Result "0-1"]
[WhiteTitle "WCM"]
[WhiteElo "1979"]
[BlackElo "2172"]
[WhiteFideId "2410095"]
[BlackFideId "882461"]
[EventDate "2025.05.20"]

1. Nf3 Nf6 2. b3 b6 3. Bb2 Bb7 4. e3 e6 5. Be2 c5 6. O-O Be7 7. d4 cxd4 8. exd4
d5 9. Nbd2 O-O 10. Re1 Nc6 11. a3 Rc8 12. Bd3 Bd6 13. Ne5 Ne7 14. Ndf3 Ng6 15.
Nxg6 hxg6 16. Ne5 Ne4 17. f3 Nc3 18. Qd2 Qc7 19. g3 b5 20. Qg5 Bxe5 21. Rxe5 f6
22. Qh4 fxe5 23. Bxg6 Rf7 24. f4 Ne2+ 25. Kg2 Nxd4 26. c3 Nf5 27. Qh7+ Kf8 28.
fxe5 Qxe5 29. Bxf7 Kxf7 30. Rf1 Qf6 31. Qh5+ Ke7 32. Qe2 d4+ 33. Kg1 dxc3 34.
Bc1 Qd4+ 35. Rf2 c2 36. a4 Qd1+ 37. Qf1 Qxf1+ 38. Kxf1 Rd8 39. Ba3+ Kf6 40. Rxc2
Rd1+ 41. Kf2 Rh1 42. Bb2+ Kf7 43. Rc7+ Kg6 44. Be5 Rxh2+ 45. Ke1 Bd5 46. Rd7
Rh1+ 47. Kd2 Nxg3 48. axb5 Rh2+ 49. Ke3 Rh3 50. Rxg7+ Kf5 51. Bxg3 Rh1 52. Rf7+
Kg6 53. Rf2 Rh3 54. Kf4 Rh5 55. Kg4 Rg5+ 56. Kh4 Rh5+ 57. Kg4 Rg5+ 58. Kf4 Bxb3
59. Ke3 Bd5 60. Bf4 Rg4 61. Rf1 Kh5 62. Rf2 Kg6 63. Rh2 Kf7 64. Rh7+ Rg7 65. Rh8
Kg6 66. Kd4 Rb7 67. Rh6+ Kf5 68. Bd6 Rxb5 69. Rh7 Ra5 70. Bc5 Ra4+ 71. Kd3 a6
72. Ra7 Ra5 73. Be3 Ra3+ 74. Kd2 a5 75. Bb6 a4 76. Kc2 Ra2+ 77. Kc3 Bb3 78. Ra5+
e5 79. Bc7 Rc2+ 80. Kd3 Rxc7 81. Ra6 Rd7+ 82. Kc3 e4 83. Kb2 Ke5 84. Ka3 e3 85.
Ra8 Re7 86. Ra5+ Ke4 87. Rh5 e2 88. Rh1 Kd3 89. Rh3+ Re3 90. Rh2 Kd2 91. Rh8
e1=Q 92. Rd8+ Ke2 93. Rc8 Qa1+ 94. Kb4 Re4+ 95. Ka5 Qe5+ 96. Ka6 Bc4+ 97. Ka7
Qa5+ 98. Kb8 Qb6+ 99. Ka8 Bd5+ 100. Rc6 Qxc6+ 101. Ka7 Re7+ 102. Kb8 Rb7+ 103.
Ka8 Rb6+ 104. Ka7 Ra6+ 105. Kb8 Ra8# 0-1

[Event "Titled Tue 20th May Late"]
[Site "chess.com INT"]
[Date "2025.05.20"]
[Round "6"]
[White "Diaz Cesar, Wilsaida Pieranlly"]
[Black "Gonzalez Vega, Alejandro"]
[Result "0-1"]
[WhiteTitle "WFM"]
[BlackTitle "FM"]
[WhiteElo "1892"]
[BlackElo "2092"]
[WhiteFideId "6403557"]
[BlackFideId "3510042"]
[EventDate "2025.05.20"]

1. e4 c5 2. Nf3 a6 3. c3 d6 4. d4 cxd4 5. cxd4 Nf6 6. Nc3 e6 7. Be3 d5 8. e5
Nfd7 9. Bd3 Nc6 10. O-O Be7 11. Rc1 f6 12. exf6 Nxf6 13. Bf4 O-O 14. h3 Ne4 15.
Nxe4 dxe4 16. Bxe4 Rxf4 0-1

[Event "Titled Tue 20th May Late"]
[Site "chess.com INT"]
[Date "2025.05.20"]
[Round "6"]
[White "Leenhouts, Koen"]
[Black "Kilic, Eray"]
[Result "0-1"]
[WhiteTitle "GM"]
[BlackTitle "IM"]
[WhiteElo "2476"]
[BlackElo "2469"]
[WhiteFideId "1008439"]
[BlackFideId "44517173"]
[EventDate "2025.05.20"]

1. e4 e5 2. Nf3 d5 3. Nxe5 Bd6 4. d4 dxe4 5. Nc4 Nf6 6. Nc3 O-O 7. Bg5 h6 8. Bh4
Re8 9. Be2 Nc6 10. Qd2 Bf5 11. Nxd6 Qxd6 12. d5 Ne5 13. O-O Rad8 14. Rad1 a6 15.
a3 c6 16. Qf4 Nf3+ 0-1

[Event "Titled Tue 20th May Late"]
[Site "chess.com INT"]
[Date "2025.05.20"]
[Round "6"]
[White "May Sanchez, Andres Elias"]
[Black "Duarte Cramer, Lily Jeanette"]
[Result "1-0"]
[BlackTitle "WCM"]
[WhiteElo "2209"]
[BlackElo "1828"]
[WhiteFideId "5150973"]
[BlackFideId "29620180"]
[EventDate "2025.05.20"]

1. e4 c5 2. Nf3 d6 3. d4 cxd4 4. Nxd4 Nf6 5. Nc3 a6 6. Bc4 e6 7. Bb3 b5 8. Bg5
Be7 9. Qf3 Bb7 10. Bxe6 fxe6 11. Nxe6 Qd7 12. Nxg7+ Kf7 13. Nf5 Qe6 14. O-O-O
Bxe4 15. Nxe4 Qxe4 16. Nxd6+ Bxd6 17. Qxf6+ Kg8 18. Rxd6 Nc6 19. Rxc6 Re8 20.
Rc7 Qg6 21. Rd1 Rf8 22. Qxf8+ Kxf8 23. Rd8+ Qe8 24. Bh6+ Kg8 25. Rxe8# 1-0

[Event "Titled Tue 20th May Late"]
[Site "chess.com INT"]
[Date "2025.05.20"]
[Round "6"]
[White "Kahre, Kim"]
[Black "Dovgaliuk, Oleksandr"]
[Result "0-1"]
[WhiteElo "2119"]
[BlackElo "2240"]
[WhiteFideId "518816"]
[BlackFideId "14167247"]
[EventDate "2025.05.20"]

1. d4 d5 2. Nf3 Nf6 3. Bf4 c5 4. e3 Nc6 5. c3 Qb6 6. Qc1 cxd4 7. exd4 Bf5 8. Be2
e6 9. O-O Be7 10. Ne5 O-O 11. Bg5 Qc7 12. f4 Rac8 13. Bxf6 gxf6 14. Ng4 Nxd4 15.
Nh6+ Kh8 16. Bd1 Be4 17. Qe3 Nf5 18. Nxf5 Bxf5 19. Qxa7 Bc5+ 20. Qxc5 Qxc5+ 0-1

[Event "Titled Tue 20th May Late"]
[Site "chess.com INT"]
[Date "2025.05.20"]
[Round "6"]
[White "Arabidze, Meri"]
[Black "Pribelszky, Bence"]
[Result "1-0"]
[WhiteTitle "IM"]
[BlackTitle "IM"]
[WhiteElo "2440"]
[BlackElo "2400"]
[WhiteFideId "13604040"]
[BlackFideId "769738"]
[EventDate "2025.05.20"]

1. d4 Nf6 2. c4 e6 3. Nf3 Bb4+ 4. Bd2 Bxd2+ 5. Qxd2 O-O 6. g3 d6 7. Bg2 Nc6 8.
O-O e5 9. Nc3 Re8 10. d5 Ne7 11. e4 Ng6 12. Ne1 Rf8 13. Nd3 Ng4 14. c5 f5 15.
cxd6 cxd6 16. exf5 Bxf5 17. Ne4 Nf4 18. gxf4 Qh4 19. Rfe1 Qxh2+ 20. Kf1 exf4 21.
Qxf4 Bxe4 22. Qxe4 Rxf2+ 23. Nxf2 Rf8 24. Qe6+ Kh8 25. Qxg4 1-0